Selected formulary book on petroleum, lubricants, fats, polishes, glass, ceramics, nitrogenous fertilizers, emulsions, leather and insecticides / (Record no. 28441)

MARC details
000 -LEADER
fixed length control field 00914nam a22002055a 4500
005 - DATE AND TIME OF LATEST TRANSACTION
control field 20090720113223.0
008 - FIXED-LENGTH DATA ELEMENTS--GENERAL INFORMATION
fixed length control field 081124s2009 ii bf 001 0 eng
010 ## - LCCN (DPL NO)
LC control number ENG-94482
020 ## - INTERNATIONAL STANDARD BOOK NUMBER
International Standard Book Number 9788190568562
Terms of availability 2275.00
035 ## - SYSTEM CONTROL NUMBER
System control number EN-78015
037 ## - SOURCE OF ACQUISITION
Source of stock number/acquisition DBAD / PUB
040 ## - CATALOGING SOURCE
Original cataloging agency dpl
Language of cataloging English
082 ## - DEWEY DECIMAL CLASSIFICATION NUMBER
Classification number 665.0212
245 ## - TITLE STATEMENT
Title Selected formulary book on petroleum, lubricants, fats, polishes, glass, ceramics, nitrogenous fertilizers, emulsions, leather and insecticides /
Statement of responsibility, etc by NPCS Board of Consultants & Engineers
260 ## - PUBLICATION, DISTRIBUTION, ETC. (IMPRINT)
Place of publication, distribution, etc Delhi
Name of publisher, distributor, etc NIIR Project Consultancy Services
Date of publication, distribution, etc (200?)
270 ## - ADDRESS
Address 106-E, Kamla Nagar,
City Delhi
Postal code 110007
300 ## - PHYSICAL DESCRIPTION
Extent xviii, 766p.
Dimensions 24cm(Hb)
942 ## - ADDED ENTRY ELEMENTS (KOHA)
Source of classification or shelving scheme Dewey Decimal Classification
Item type English Books
Call number suffix SEL
Classification part 665.0212
Holdings
Withdrawn status Lost status Source of classification or shelving scheme Damaged status Not for loan Collection code Home library Current library Date acquired Source of acquisition Cost, normal purchase price Total Checkouts Full call number Barcode Date last seen Copy number Cost, replacement price Koha item type
    Dewey Decimal Classification   Not For Loan Non-fiction D.B.Act.Division D.B.Act.Division 20/07/2009 DBAD / PUB 2275.00   665.0212 SEL EN-78015 20/07/2009 1 2275.00 English Books

© Delhi Public Library
Hit Counter
free hit counter